| 000 | 00723nam a22002057a 4500 | ||
|---|---|---|---|
| 999 |
_c167347 _d167347 |
||
| 010 | _aENG-126345 | ||
| 020 |
_a978-93-89146-24-0 _c380.00 |
||
| 035 | _aEN-109877 | ||
| 037 | _aDBAD/PUB | ||
| 082 | _a613.2 | ||
| 100 | _aSamad,K.Abdus | ||
| 245 |
_aFood Related Life Style/ _cby K.Abdus Samad & A.K.M.Ahasanul Haque & Puskar Narayan Singh |
||
| 260 |
_bPublished By Shanlax _c2019 _aMadurai |
||
| 270 |
_a61,66 T.P.K. Main Road Vasantha Nager _bMadurai _e625003 _mpublisher@shanlaxpublications.com _k0452-4208765,7639303383 |
||
| 300 |
_a177p. _b24cm.(pbk) |
||
| 500 | _aIncluds Bibliography | ||
| 700 | _aHaque,A.K.M. Ahasanul | ||
| 700 | _aSingh,Pushkar Narayan | ||
| 942 |
_2ddc _cEN _h613.2 _mSAM |
||